000 00906nam a22003017a 4500
001 BR2017002377
003 BR-BrBNA
005 20230928105136.0
007 ta
008 230509b bl.||||| |||| 00| 0 por d
040 _aBR-BrBNA
_bpor
_cBiblioteca Nacional de Agricultura
041 _a(Por)
072 _aP35
090 _ P35 BR2017002377
100 1 _aTeixeira, F.O.P.
110 1 _aUniversidade Federal de Lavras, MG (Brasil)
_0Tese (Mestrado)
245 1 _aEfeito da disposição de efluentes da bovinocultura no solo e na biomassa vegetal
260 3 _aLavras, MG (Brasil):
_c2016.
300 _a75 p.
500 _aSummaries (Eng, Por); Bibliography p. 69-75; 7 tables; 12 illus.
650 _aFERTILIDADE DO SOLO
650 _aNUTRIENTE
650 _aBIOMASSA
650 _aBOVINOCULTURA
650 _aADUBO LÍQUIDO
909 _a202309
_bLucia
_c55
_dLucia Elande
942 _cBK
999 _c83659
_d83659